000 00773nam a2200253Ia 4500
003 OSt
005 20220923221917.0
006 a|||||r|||| 00| 0
007 ta
008 220922b |||||||| |||| 00| 0 hin d
024 _a201,013
037 _cTextual
040 _aARTS
_cARTS
_bhin
041 _2hin
_ahin
082 _aO152,3M80x, K2.3
100 _aप्रेमचंद्र
245 0 _aविविध प्रसंग
246 _aVividh prasanga
260 _aइलाहाबाद
_b हंस प्रकाशन
_c1962
300 _a504पृ.
_ccm.
650 _aहिन्दी साहित्य
_9156264
942 _hO152,3M80x, K2.3
_cTEXL
_2CC
999 _c352676
_d352676